000 01457nam a22003977a 4500
001 1543352
003 OSt
005 20210423064259.0
008 910726s1991 nyu 001 0aeng
010 _a 91029334
020 _a0029286174
040 _aDLC
_cDLC
_dDLC
_beng
041 1 _aeng
_hrus
043 _ae-ur---
050 0 0 _aDK290.3.S54
_bA3 1991
080 _a92
_bS-53
082 0 0 _a947.085/4/092
_aB
_220
100 1 _aShevardnadze, Ė. A.
_q(Ėduard Amvrosievich),
_d1928-2014.
240 1 0 _aBudushchee prinadlezhit svobode.
_lEnglish
245 1 4 _aThe future belongs to freedom /
_cEduard Shevardnadze ; translated by Catherine A. Fitzpatrick.
_b/ by: The Free Press
260 _aNew York
_bThe Free Press
_cc1991.
300 _axx, 237 p.
_c25 cm.
365 _b22.95 usd
500 _aTranslation of: Budushchee prinadlezhit svobode.
500 _aIncludes index.
600 1 0 _aShevardnadze, Ė. A.
_q(Ėduard Amvrosievich),
_d1928-2014.
650 0 _aStatesmen
_zSoviet Union
_vBiography.
650 0 _aBiography
_9237
650 0 _aReformers
_zSoviet Union
_vBiography.
651 0 _aSoviet Union
_xForeign relations
_y1985-1991.
653 _aბიოგრაფია
700 _9934
_aFitzpatrick, A. Catherine
_eTranslator
906 _a7
_bcbc
_corignew
_d1
_eocip
_f19
_gy-gencatlg
942 _2udc
_cBK
999 _c1494
_d1494